000 00822nam a2200217 i 4500
001 173880
003 ES-MaACL
005 20250928112521.0
007 t|
008 100127s1897 sp f |||| | spa d
110 2 _aReal Academia de Ciencias Exactas, Físicas y Naturales de España.
_9175635
245 1 0 _aMemorias de la Real Academia de Ciencias
_g1897.
260 _aMadrid :
_b[s.n.],
_c1897 (Imp. de L. Aguado)
300 _av. ;
_c28 cm.
505 8 _aContiene: T. XVII ;
_tFauna mastodológica ibérica /
_rMariano de la Paz Graells (806 p., 22 h. de lám.)
650 7 _aAnimales prehistóricos-
_zPenínsula ibérica
_2
_9163424
700 1 _aGraells, Mariano de la Paz,
_d1809-1898
_9127520
740 0 2 _aFauna mastodológica ibérica.
852 _aES-MaACL
_jK-236
999 _c173880
_d173880